000 00353nam a2200145Ia 4500
005 20251222141919.0
008 251222s9999||||xx |||||||||||||| ||spa||
020 _a9789992672204
082 _a523.2/A29
100 _aAgurcia F, Ricardo
245 0 _aCopán Reino del Sol:
250 _a1ra.ed.
264 _bEditorial Trasamérica, S.A.
942 _cLIB
999 _c8655
_d8655